|
|
|
|
| LEADER |
00000cam a22000007a 4500 |
| 001 |
6116 |
| 003 |
CZ-ZlUTB |
| 005 |
20190825232027.0 |
| 008 |
980930s1998 xr |||||r|||||||||||cze|d |
| 020 |
|
|
|a 8086083004
|
| 040 |
|
|
|a ZLD002
|b cze
|c ZLD002
|d ZLD002
|
| 080 |
|
|
|a 681.3.06:002
|2 v
|
| 100 |
1 |
|
|a Král, Jaroslav,
|d 1935-
|7 jx20040720068
|4 aut
|
| 245 |
1 |
0 |
|a Informační systémy :
|b specifikace, realizace, provoz
|
| 250 |
|
|
|a 1. vyd.
|
| 260 |
|
|
|a Praha :
|b Science,
|c 1998
|
| 300 |
|
|
|a 358 s.
|
| 650 |
0 |
4 |
|a CASE
|
| 650 |
0 |
4 |
|a Architektura
|
| 650 |
0 |
4 |
|a cíl
|
| 650 |
0 |
4 |
|a ERGONOMIE
|
| 650 |
0 |
4 |
|a hi-tech
|
| 650 |
0 |
7 |
|a dějiny
|7 ph114390
|2 czenas
|
| 650 |
0 |
7 |
|a informační systémy
|7 ph114774
|2 czenas
|
| 650 |
0 |
4 |
|a MARKETING
|
| 650 |
0 |
7 |
|a počítačová rozhraní
|7 ph115863
|2 czenas
|
| 650 |
0 |
4 |
|a počítačový
|
| 650 |
0 |
4 |
|a pracovní
|
| 650 |
0 |
4 |
|a procesy
|
| 650 |
0 |
4 |
|a SOFTWARE
|
| 650 |
0 |
4 |
|a tým
|
| 650 |
0 |
4 |
|a uživatelský
|
| 650 |
0 |
4 |
|a vznik a vývoj
|
| 910 |
|
|
|a ZLD002
|
| 952 |
|
|
|0 0
|1 0
|4 0
|6 004KRÁLJ
|7 0
|8 BOOK
|9 10201
|a UTBZL
|b UTBZL
|c 030
|d 2006-07-29
|i 67699
|l 14
|o 004/KRÁL,J.
|p 420010067699
|r 2019-08-25 00:00:00
|v 460.00
|w 2019-08-25
|x 20100831
|y 05
|
| 992 |
|
|
|a BK
|b SK
|d 26
|
| 999 |
|
|
|c 6116
|d 6116
|